प्रतिदिन का भारतीय संसाधित आहार / (Record no. 119799)
[ view plain ]
| 000 -LEADER | |
|---|---|
| fixed length control field | 01107nam a22002537a 4500 |
| 005 - DATE AND TIME OF LATEST TRANSACTION | |
| control field | 20170124103148.0 |
| 010 ## - LIBRARY OF CONGRESS CONTROL NUMBER | |
| LC control number | B-082098 |
| 020 ## - INTERNATIONAL STANDARD BOOK NUMBER | |
| Terms of availability | 50.00 |
| International Standard Book Number | 812373882 |
| 035 ## - SYSTEM CONTROL NUMBER | |
| System control number | B-082098 |
| 037 ## - SOURCE OF ACQUISITION | |
| Source of stock number/acquisition | Cen Lib/Ret |
| 040 ## - CATALOGING SOURCE | |
| Original cataloging agency | DPL |
| Language of cataloging | HN |
| 082 ## - DEWEY DECIMAL CLASSIFICATION NUMBER | |
| Classification number | 641.300954 |
| Item number | अच्चया |
| 100 ## - MAIN ENTRY--PERSONAL NAME | |
| Personal name | अच्चया, के.टी. |
| 9 (RLIN) | 86922 |
| 245 ## - TITLE STATEMENT | |
| Title | प्रतिदिन का भारतीय संसाधित आहार / |
| Statement of responsibility, etc | के.टी. अच्चया |
| 246 ## - VARYING FORM OF TITLE | |
| Title proper/short title | Pratidin ka bhartiya sansadhit aahar / |
| Remainder of title | by K.T. Achchaya |
| 260 ## - PUBLICATION, DISTRIBUTION, ETC. (IMPRINT) | |
| Place of publication, distribution, etc | नई दिल्ली |
| Name of publisher, distributor, etc | नेशनल बुक ट्रस्ट |
| Date of publication, distribution, etc | 2002 |
| 270 ## - ADDRESS | |
| City | नई दिल्ली |
| Address | ए-5, ग्रीन पार्क |
| Postal code | 110016 |
| 300 ## - PHYSICAL DESCRIPTION | |
| Extent | 189पृ. |
| Dimensions | 21सेमी (सजिल्द) |
| 650 ## - SUBJECT ADDED ENTRY--TOPICAL TERM | |
| Topical term or geographic name as entry element | आहार - भारत। |
| 9 (RLIN) | 34 |
| 650 ## - SUBJECT ADDED ENTRY--TOPICAL TERM | |
| Topical term or geographic name as entry element | खाद्य आपूर्ति - भारत। |
| 9 (RLIN) | 86923 |
| 650 ## - SUBJECT ADDED ENTRY--TOPICAL TERM | |
| Topical term or geographic name as entry element | Diet -- India. |
| 9 (RLIN) | 86924 |
| 650 ## - SUBJECT ADDED ENTRY--TOPICAL TERM | |
| Topical term or geographic name as entry element | Diet -- India. Food supply -- India. |
| 9 (RLIN) | 86925 |
| 942 ## - ADDED ENTRY ELEMENTS (KOHA) | |
| Source of classification or shelving scheme | Dewey Decimal Classification |
| Koha item type | Hindi Books |
| Classification part | 641.300954 |
| Call number suffix | अच्चया |
| Withdrawn status | Lost status | Damaged status | Not for loan | Home library | Current library | Date acquired | Source of acquisition | Cost, normal purchase price | Total Checkouts | Full call number | Barcode | Date last seen | Copy number | Cost, replacement price | Price effective from | Koha item type |
|---|---|---|---|---|---|---|---|---|---|---|---|---|---|---|---|---|
| Central Library | Central Library | 18/09/2015 | Cen Lib/Ret | 50.00 | 641.300954 अच्चया | B-082098 | 18/09/2015 | 1 | 50.00 | 18/09/2015 | Hindi Books |
